Una vuelta por las estaciones del año / (Registro nro. 7888)

Detalles MARC
000 -LEADER
fixed length control field 00796nam a2200241 a 4500
001 - CONTROL NUMBER
control field 000045756
003 - CONTROL NUMBER IDENTIFIER
control field DO-SdBNP
005 - DATE AND TIME OF LATEST TRANSACTION
control field 20170301111108.0
007 - PHYSICAL DESCRIPTION FIXED FIELD--GENERAL INFORMATION
fixed length control field 000045756
008 - FIXED-LENGTH DATA ELEMENTS--GENERAL INFORMATION
fixed length control field 150511s2011 dr a 000 0 spa d
020 ## - INTERNATIONAL STANDARD BOOK NUMBER
Canceled/invalid ISBN 9789945879308
040 ## - CATALOGING SOURCE
Original cataloging agency BPMET
Language of cataloging spa
Transcribing agency BPMET
092 ## - LOCALLY ASSIGNED DEWEY CALL NUMBER (OCLC)
Classification number xxxx
Item number xxxx
100 1# - MAIN ENTRY--PERSONAL NAME
Personal name Jiménez, Patricia
245 14 - TITLE STATEMENT
Title Una vuelta por las estaciones del año /
Statement of responsibility, etc. Patricia Jiménez del Pozo ; ilustraciones Willy Ochoa ; revisión, edición Geraldine de Santis, Juan Carlos Jiménez.
260 ## - PUBLICATION, DISTRIBUTION, ETC. (IMPRINT)
Place of publication, distribution, etc. Santo Domingo :
Name of publisher, distributor, etc. Edición BGtown,
Date of publication, distribution, etc. 2011.
300 ## - PHYSICAL DESCRIPTION
Extent 51 p. :
Other physical details il. ;
Dimensions 23 cm.
700 12 - ADDED ENTRY--PERSONAL NAME
Personal name Ochoa, Willy,
Relator term il.
700 12 - ADDED ENTRY--PERSONAL NAME
Personal name Santis, Geraldine de,
Relator term ed.
700 12 - ADDED ENTRY--PERSONAL NAME
Personal name Jiménez, Juan Carlos,
Relator term ed.
942 ## - ADDED ENTRY ELEMENTS (KOHA)
Source of classification or shelving scheme Dewey Decimal Classification
Koha item type Libros
956 ## - LOCAL ELECTRONIC LOCATION AND ACCESS (OCLC)
Host name VMATEO
Access number 10
Compression information 20150518
Logon BPMSU
Processor of request 0069
Existencias
Withdrawn status Lost status Source of classification or shelving scheme Damaged status Not for loan Collection code Home library Current library Date acquired Total Checkouts Barcode Date last seen Price effective from Koha item type
    Dewey Decimal Classification       Biblioteca Pública Metropolitana Salomé Ureña Biblioteca Pública Metropolitana Salomé Ureña 05/18/2015   BPMET15051756 05/18/2015 05/18/2015 Libros